LEADER 01003nam0-22003131i-450 001 990007158650403321 005 20181003114125.0 035 $a000715865 035 $aFED01000715865 035 $a(Aleph)000715865FED01 035 $a000715865 100 $a20021021d1985----km-y0itay50------ba 101 0 $aita 200 1 $a<>Cour d' arbitrage belga come Corte costituzionale$eindagine comparatistica sulle garanzie costituzionali dellastruttura decentrata degli ordinamenti$fPaolo Carrozza. 210 $aPadova$cCedam$d1985. 215 $aVIII, 213 p.$d24 cm 225 1 $aRicerche di diritto pubblico comparato$v7 700 1$aCarrozza,$bPaolo$0230042 801 0$aIT$bUNINA$gRICA$2UNIMARC 901 $aBK 912 $a990007158650403321 952 $aCN. 24 (7$b348 idcc$fDDCIC 952 $aDP II-35$b4303$fDEC 952 $aDP II-35$fDEC 959 $aDDCIC 959 $aDEC 959 $aDEC 996 $aCour d' arbitrage belga come Corte costituzionale$9689832 997 $aUNINA LEADER 01475cam0-22004571i-450 001 990003913960403321 005 20201210143652.0 035 $a000391396 035 $aFED01000391396 035 $a(Aleph)000391396FED01 035 $a000391396 100 $a20030910d1965----km-y0itay50------ba 101 0 $aita 102 $aIT 105 $ay---a---001yy 200 1 $a<>intermediari finanziari e la politica della moneta e del credito$el'esperienza italiana (1947-1963)$fOnorato Castellino 210 $aTorino$cGiappichelli$d1965 215 $a173 p.$d25 cm 225 1 $aUniversità di Torino, Facoltà di economia e commercio, Istituto di economia politica "G. Prato"$v15 610 0 $aItalia$aPolitica monetaria$a1947-1963 610 0 $aIntermediari finanziari 610 0 $aItalia$aPolitica monetaria 676 $a332.0945 676 $a332.4 700 1$aCastellino,$bOnorato$f<1935-2007>$028860 801 0$aIT$bUNINA$gRICA$2UNIMARC 901 $aBK 912 $a990003913960403321 952 $aUNIV. 351 (15)$b78260$fFGBC 952 $aXV C 186 (15)$b78711$fFGBC 952 $aXV M 800$b78711$fFGBC 952 $aCAS332.0945$b040471B$fDECBC 952 $aE5.52$b4099$fDECTS 952 $aJ/5 CAS bis$b1553$fSES 952 $aJ/5 CAS$b382/I$fSES 959 $aDECBC 959 $aDECTS 959 $aFGBC 959 $aSES 996 $aIntermediari finanziari e la politica della moneta e del credito$9515703 997 $aUNINA LEADER 03513 am 2200661 n 450 001 9910597165403321 005 20211213 010 $a2-345-00166-6 024 7 $a10.4000/books.vrin.3875 035 $a(CKB)4100000012897099 035 $a(FrMaCLE)OB-vrin-3875 035 $a(oapen)https://directory.doabooks.org/handle/20.500.12854/95386 035 $a(PPN)265624274 035 $a(EXLCZ)994100000012897099 100 $a20221010j|||||||| ||| 0 101 0 $afre 135 $auu||||||m|||| 181 $ctxt$2rdacontent 182 $cc$2rdamedia 183 $acr$2rdacarrier 200 13$aLa connaissance de soi $eÉtudes sur le traité 49 de Plotin /$fMonique Dixsaut, Pierre-Marie Morel, Karine Tordo-Rombaut 210 $aParis $cVrin$d2021 215 $a1 online resource (336 p.) 225 1 $aTradition de la pensée classique 311 $a2-7116-1595-2 330 $aLe 49e traité des Ennéades reprend le précepte delphique « connais-toi toi-même », mais d?une manière surprenante pour des lecteurs modernes. Le « soi-même » dont il est question n?est pas en effet le moi empirique, considéré dans sa singularité et son histoire personnelle et sociale. Ce n?est pas un moi donné à une introspection, un examen de conscience, ou à des techniques d?analyse, c?est un « soi » à constituer par identification progressive avec ce qui, en lui, est plus haut que lui. Ce traité nous exhorte donc moins à connaître ce que nous sommes qu?à devenir ce que nous devons être si nous voulons être véritablement nous-mêmes. Il indique un chemin à parcourir, qui s?achève sur le célèbre et paradoxal « retranche tout » : seul le plus grand dépouillement est accès à ce qui, incomparablement meilleur que soi, ne peut s?atteindre que par la plus intense concentration sur soi. Tous les grands thèmes de la pensée de Plotin sont ici présents, et aussi toutes ses difficultés. Les articles de ce volume constituent donc non seulement un précieux instrument d?étude de ce traité particulier, ils sont un moyen d?accès à la philosophie de Plotin dans son ensemble; plus essentiellement, ils offrent une occasion de réfléchir à ce qui peut, à bon droit, se nommer connaissance de soi, et mieux encore, à ce qui peut être reconnu comme étant « soi-même ». 606 $aClassics 606 $aPhilosophy 606 $aconnaissance 606 $aintrospection 610 $aconnaissance 610 $aintrospection 615 4$aClassics 615 4$aPhilosophy 615 4$aconnaissance 615 4$aintrospection 700 $aAncona Costa$b Cristina d?$01350894 701 $aBeierwaltes$b Werner$0159343 701 $aCorrigan$b Kevin$0281210 701 $aDixsaut$b Monique$0171832 701 $aHazebroucq$b Marie-France$01280578 701 $aHorn$b Christoph$0426959 701 $aKühn$b Wilfried$0612587 701 $aLarivée$b Annie$01280156 701 $aLavaud$b Laurent$01303004 701 $aMorel$b Pierre-Marie$0599828 701 $aMortley$b Raoul$0619819 701 $aO?Meara$b Dominic J$0152678 701 $aPépin$b Jean$0412630 701 $aSanta Cruz$b María Isabel$01280158 701 $aDixsaut$b Monique$0171832 701 $aMorel$b Pierre-Marie$0599828 701 $aTordo-Rombaut$b Karine$01350895 801 0$bFR-FrMaCLE 906 $aBOOK 912 $a9910597165403321 996 $aLa connaissance de soi$93090095 997 $aUNINA